[Event "Chigorin Mem Open, St Petersburg RUS"]
[Site "?"]
[Date "2001.??.??"]
[Round "3"]
[White "Bryzgalin, K."]
[Black "Yandemirov, V."]
[Result "0-1"]
[WhiteElo "2375"]
[BlackElo "2485"]
[PlyCount "70"]
[EventDate "2001.??.??"]
[Source "www.chesslib.no"]
[SourceDate "2004.05.04"]

1. e4 e5 2. Nf3 Nc6 3. Bb5 a6 4. Ba4 d6 5. c3 f5 6. exf5 Bxf5 7. O-O Bd3 8. Re1 Be7 9. Na3 Nf6 10. Bc2 Bxc2 11. Nxc2 Qd7 12. d4 e4 13. d5 exf3 14. dxc6 bxc6 15. Qxf3 O-O 16. Qe2 Rfe8 17. Bf4 Nd5 18. Bg3 Nb6 19. Nb4 c5 20. Nd3 Bf6 21. Qf3 Qf7 22. Qc6 Qd7 23. Qxd7 Nxd7 24. Bf4 Nb6 25. Rad1 Na4 26. Bc1 c4 27. Nb4 Rxe1+ 28. Rxe1 Nxc3 29. bxc3 Bxc3 30. Nc2 Bxe1 31. Nxe1 Rb8 32. Kf1 Rb1 33. Be3 Rb2 34. Nf3 c3 35. Ne1 Rd2 0-1